|
|
|
|
| LEADER |
01398nam a2200373Ia 4500 |
| 001 |
EBC255189 |
| 003 |
MiAaPQ |
| 005 |
20200520144314.0 |
| 006 |
m o d | |
| 007 |
cr cn||||||||| |
| 008 |
030527s2004 enka sb 001 0 eng d |
| 010 |
|
|
|z 2003055076
|
| 020 |
|
|
|z 0511163762
|
| 020 |
|
|
|z 0521827345 (hardback)
|
| 035 |
|
|
|a (MiAaPQ)EBC255189
|
| 035 |
|
|
|a (Au-PeEL)EBL255189
|
| 035 |
|
|
|a (CaPaEBR)ebr10120433
|
| 035 |
|
|
|a (CaONFJC)MIL43743
|
| 035 |
|
|
|a (OCoLC)935230486
|
| 040 |
|
|
|a MiAaPQ
|c MiAaPQ
|d MiAaPQ
|
| 050 |
|
4 |
|a HC240
|b .B835 2004
|
| 082 |
0 |
4 |
|a 337.1/42
|2 21
|
| 245 |
0 |
0 |
|a Building a dynamic Europe
|h [electronic resource] :
|b the key policy debates /
|c edited by Jordi Gual.
|
| 260 |
|
|
|a Cambridge, UK ;
|a New York, NY :
|b Cambridge University Press,
|c 2004.
|
| 300 |
|
|
|a ix, 170 p. :
|b ill.
|
| 504 |
|
|
|a Includes bibliographical references and index.
|
| 533 |
|
|
|a Electronic reproduction. Ann Arbor, MI : ProQuest, 2015. Available via World Wide Web. Access may be limited to ProQuest affiliated libraries.
|
| 650 |
|
0 |
|a International economic integration.
|
| 651 |
|
0 |
|a European Union countries
|x Economic policy.
|
| 651 |
|
0 |
|a Europe
|x Economic integration.
|
| 655 |
|
4 |
|a Electronic books.
|
| 700 |
1 |
|
|a Gual i Sole, Jordi.
|
| 710 |
2 |
|
|a ProQuest (Firm)
|
| 856 |
4 |
0 |
|u https://ebookcentral.proquest.com/lib/matrademy/detail.action?docID=255189
|z Click to View
|